000 00504nam a2200169 i 4500
001 101061
003 ES-MaACL
005 20230906182819.0
007 t|
008 051011s1959 sp ||||1| spa d
100 1 _aMaugham, W. Somerset.
_979192
245 1 0 _aServidumbre humana /
_cW. Somerset Maugham; [versión castellana de Enrique de Juan].
260 _aBarcelona :
_bG.P.,
_c1959.
300 _a516 p. ;
_c19 cm.
700 1 _aJuan, Enrique de.
_967090
852 _aES-MaACL
_jC-17516
_bR.45311
999 _c101061
_d101061